000 00851nam a2200217Ii 4500
003 JO-AjNU
008 230605s9999||||xx |||||||||||||| ||und||
017 _a2006/2/294
020 _a9957-18-110-6
040 _aJO-AjNU
_bara
_erda
_cJO-AjNU
041 _aara
050 1 4 _aHF5548.32 .Y2782.2006
100 3 _aياسين،سعد غالب/م مشارك:بشير عباس العلاق,
_eauthor
_931866
245 0 0 _aالاعمال الالكترونية=e-Business
264 3 1 _aعمان: دار المناهج للنشر والتوزيع؛2006
300 _a339ص
_bيحتوي على ببلوغرافية من ص 331-336ص، يحتوي على مسرد مصطلحات من ص337-339
336 _atext
_btxt
_2rdacontent
337 _aunmediated
_bn
_2rdamedia
338 _avolume
_bnc
_2rdacarrier
650 4 _aادارة الاعمال
_931867
999 _aA12795
_c16363
_d16363